000 01320pac a2200373 i 4500
003 EG-GICUC
005 20260121101341.0
008 920116s1992 nyu frb 001 0 eng d
020 _a1855211378
040 _aDLC
_cDLC
_dDLC
_dEG-GICUC
_beng
_erda
050 0 0 _aK258
_b.R54 1992
082 0 0 _a341.48
_221
092 0 4 _221
099 _aLaw 08 1992
245 0 0 _aRights /
_cedited by Carlos Nino.
264 _aEngland L
_bDartmouth,
_c1992
300 _axxxiv, 466 page ;
_c25 cm.
336 _atext
_btxt
_2rdacontent
337 _aunmediated
_bn
_2rdamedia
338 _avolume
_bnc
_2rdacarrier
440 4 _aThe International library of essays in law and legal theory.
_pSchools ;
_v8
500 _a"New York University Press reference collection."
504 _aIncludes bibliographical references and index.
650 0 _aLaw
_xPhilosophy.
650 0 _aLaw and ethics.
650 0 _aNatural law.
650 0 _aLiberty.
700 1 _aNino, Carlos Santiago,
_eeditor.
856 4 2 _uhttps://fll.law.cu.edu.eg/fulltext/bks/ENGB08-00030.pdf
856 4 2 _3Contributor biographical information
_uhttp://www.loc.gov/catdir/enhancements/fy0808/92003072-b.html
856 4 2 _3Publisher description
_uhttp://www.loc.gov/catdir/enhancements/fy0808/92003072-d.html
905 _a10
942 _2ddc
_cBK
_e21
_n0
999 _c45841
_d45841